Tecnología de la construcción (Record no. 125024)

MARC details
000 -LEADER
fixed length control field 01084nam a22001937a 4500
005 - DATE AND TIME OF LATEST TRANSACTION
control field 20231123094840.0
008 - FIXED-LENGTH DATA ELEMENTS--GENERAL INFORMATION
fixed length control field 230912b sp |||||||| |||| 00| 0 spa d
020 ## - INTERNATIONAL STANDARD BOOK NUMBER
International Standard Book Number 8432942103
050 04 - LIBRARY OF CONGRESS CALL NUMBER
Classification number TH145
Item number T43 1977
245 00 - TITLE STATEMENT
Title Tecnología de la construcción
Remainder of title : primer grado / primer curso
250 ## - EDITION STATEMENT
Edition statement 1a ed.
260 ## - PUBLICATION, DISTRIBUTION, ETC. (IMPRINT)
Place of publication, distribution, etc Barcelona, España :
Name of publisher, distributor, etc Ediciones CEAC,
Date of publication, distribution, etc 1977.
300 ## - PHYSICAL DESCRIPTION
Extent 190 p. :
Other physical details il. ;
Dimensions 28 cm.
490 0# - SERIES STATEMENT
Series statement Libros CEAC de formación profesional.
500 ## - GENERAL NOTE
General note Incluye índice.
505 1# - FORMATTED CONTENTS NOTE
Title G:1 C:1 Tecnología del metal. -- Tecnología de la electricidad. -- Tecnología del automovil. -- Tecnología de la construcción. -- Prácticas del metal. -- Prácticas de electricidad. -- Prácticas de automoción. -- Prácticas de delineación. -- Prácticas de la madera. -- Técnicas de expresión gráfica, Delineación. -- Técnicas de expresión gráfica, automovil, metal, electricidad, construcción, madera, minería, química, textil, imagen, sonido.
-- G:1 C:2 Tecnología de electrónica.
650 #7 - SUBJECT ADDED ENTRY--TOPICAL TERM
Source of heading or term lemb
Topical term or geographic name as entry element Construcción
General subdivision Tecnología
942 ## - ADDED ENTRY ELEMENTS (KOHA)
Source of classification or shelving scheme Biblioteca del Cogreso de los Estados Unidos
Koha item type Libro
Holdings
Estado de pérdida Fuente de clasificación Estado del daño No para préstamo Ubicación permanente Ubicación actual Apartado o colección Fecha de adquisición Edición Enumeración de Serie / Cronológica Área del conocimiento Total Checkouts Total Renewals Clasificación Código de Barras Date last seen Date checked out Número de copia Costo por reposición Tipo de recurso
  Biblioteca del Cogreso de los Estados Unidos     Biblioteca de la Unidad de Ciencias Ingeniería y Humanidades Biblioteca de la Unidad de Ciencias Ingeniería y Humanidades General 12/09/2023 1a ed. G:1 C:1 Ingeniería y Tecnología 1 1 TH145 T43 1977 BCU000024177 12/02/2026 06/02/2026 1 1.00 Libro
  Biblioteca del Cogreso de los Estados Unidos     Biblioteca de la Unidad de Ciencias Ingeniería y Humanidades Biblioteca de la Unidad de Ciencias Ingeniería y Humanidades General 12/09/2023 1a ed. G:1 C:1 Ingeniería y Tecnología     TH145 T43 1977 BCU000024178 12/09/2023   2 1.00 Libro